000 00515nam a2200169Ia 4500
008 240729s9999 xx 000 0 und d
022 _a1476-5586
245 0 _aNeoplasia: An International Journal for Oncology Research
260 _aUnited States
260 _bElsevier
650 _a Internal medicine
650 _a Neoplasms. Tumors. Oncology. Including cancer and carcinogens
650 _aMedicine
856 _uhttps://doaj.org/toc/693c72d70cf64ceda4d526657890fa84
942 _2ddc
942 _cDOAJEJ
999 _c70265
_d70265
945 _a1
_bMadushi Gamage
_c1
_dMadushi Gamage